000 00747nam a22001577a 4500
003 OSt
005 20150916180133.0
008 150916b xxu||||| |||| 00| 0 eng d
040 _cRUA
082 _aAGR KHA 2004 B029 Or.1
100 _9630
_aKHAY SEANGKHORN
245 _aEffect of different colors of plastic grouund cover on tomato yield in royal university of agriculture,(ឥទ្ធិពលកំរាលប្លាស្ទិចពណ៌ផ្សេងៗគ្នាលើទិន្នផលប៉េងប៉ោះក្នុងលក្ខខ័ណ្ឌសាកលវិទ្យាល័យភូីមិន្ទកសិកម្ម)
260 _aphnom penh
_bRUA
_c2004
300 _axii,55p.
_cill.
_g29cm.
942 _2ddc
_cAGR
999 _c604
_d604